00582cam a22002051 4500001001300000003000400013005001700017008004100034010001700075035001900092040004900111042001200160050002000172100003200192245002700224260005000251300004100301500001900342999001500361af 47001567 DLC20260227110809.0830518s1942 gw 000 0 ger c aaf 47001567  a(OCoLC)9520876 aIllinois. Univ. LibrarycICarbSdICarbSdDLC apremarc00aPT2647.I665bB81 aWinnig, August,d1878-1956.14aDas Buch Wanderschaft. aHamburg,bHanseatische Verlagsanstaltc[1942] a329, [1] p.billus., plates.c19 cm. aAutobiography. c1303d1303